STN ISO/TR 14062: Environmentálne manažérstvo integrovanie environmentálnych aspektov do návrhu a vývoja výrobku
Gespeichert in:
| Format: | Buch |
|---|---|
| Sprache: | Slowakisch Englisch |
| Veröffentlicht: |
Bratislava
Slovenský ústav technickej normalizácie
2004
|
| Schlagworte: | |
| Tags: |
Keine Tags, Fügen Sie das erste Tag hinzu!
|
MARC
| LEADER | 00000nam a2200000 4500 | ||
|---|---|---|---|
| 001 | 0269500 | ||
| 005 | 20240318114715.6 | ||
| 041 | 0 | |a slo | |
| 041 | 0 | |a eng | |
| 044 | |a SK | ||
| 245 | 1 | 0 | |a STN ISO/TR 14062: Environmentálne manažérstvo |b integrovanie environmentálnych aspektov do návrhu a vývoja výrobku |
| 264 | 1 | |a Bratislava |b Slovenský ústav technickej normalizácie |c 2004 | |
| 300 | |a 40 s. | ||
| 500 | |a Táto norma obsahuje slovenskú verziu ISO/TR 14062: 2002. | ||
| 610 | 2 | 0 | |a výrobky |
| 610 | 2 | 0 | |a tovar |
| 610 | 2 | 0 | |a služby |
| 610 | 2 | 0 | |a politika environmentálna |
| 610 | 2 | 0 | |a manažment environmentálny |
| 610 | 2 | 0 | |a normy medzinárodné |